Ministrowie Spraw Zagranicznych III RP - Statystyki

Ogólne statystyki
  • Ten quiz został rozwiązany 76 razy
  • Średni wynik to 8 z 17
Statystyki odpowiedzi
Imię i Nazwisko Partia Czas Urzędowania Rząd % Poprawnych
Radosław Sikorski PO 2007 - 2014 Pierwszy i Drugi Rząd Tuska
100%
Radosław Sikorski PO 2023 - nadal Trzeci Rząd Tuska
100%
Zbigniew Rau PiS 2020 - 2023 Drugi Rząd Morawieckiego
62%
Włodzimierz Cimoszewicz SLD 2001 - 2005 Rząd Millera / Pierwszy i Drugi Rząd Belki
57%
Witold Waszczykowski PiS 2015 - 2018 Rząd Szydło / Pierwszy Rząd Morawieckiego
55%
Bronisław Geremek UW 1997 - 2000 Rząd Buzka
51%
Grzegorz Schetyna PO 2014 - 2015 Rząd Kopacz
51%
Anna Fotyga PiS 2006 - 2007 Rząd Marcinkiewicza / Kaczyńskiego
49%
Krzysztof Skubiszewski bezpartyjny 1989 - 1993 Rząd Mazowieckiego / Bieleckiego / Olszewskiego / Suchockiej
47%
Władysław Bartoszewski bezpartyjny 1995 - 1995 Rząd Oleksego
40%
Władysław Bartoszewski bezpartyjny 2000 - 2001 Rząd Buzka
40%
Andrzej Olechowski BBWR 1993 - 1995 Drugi Pawlaka
36%
Dariusz Rosati bezpartyjny 1995 - 1997 Rząd Oleksego / Cimoszewicza
32%
Szymon Szynkowski vel Sęk PiS 2023 - 2023 Trzeci Rząd Morawieckiego
32%
Jacek Czaputowicz bezpartyjny z rekomendacji PiS 2018 - 2020 Pierwszy i Drugi Rząd Morawieckiego
30%
Stefan Meller bezpartyjny 2005 -2006 Rząd Marcinkiewicza
28%
Adam Rotfeld bezpartyjny 2005 -2005 Drugi Rząd Belki
21%
Nie znaleziono quizów pasujących do podanych kryteriów
Rozkład punktacji
Procent ludzi z każdym wynikiem
Percentyl według liczby udzielonych odpowiedzi
Twoja historia wyników
Nie rozwiązałeś tego quizu